|
|
|
|
| LEADER |
00000nab a2200000 a 4500 |
| 001 |
vtls000692674 |
| 003 |
SK-MaSNL |
| 005 |
20260319075536.0 |
| 008 |
160314c1999 xo 0 hun |
| 015 |
|
|
|a SNBRB1999/04-10541
|
| 035 |
|
|
|a CLN000044841
|
| 040 |
|
|
|a SNKBUCL
|b slo
|c SNKBUCL
|e AACR2
|
| 041 |
0 |
|
|a slo
|
| 044 |
|
|
|a xo
|c SK
|
| 080 |
|
|
|a 82.09:894.511 (437.6)-3(087.5)(048)
|2 UDC-MRF-SK2
|
| 080 |
|
|
|a 894.511 (437.6)-3(087.5)(048)
|2 UDC-MRF-SK2
|
| 100 |
1 |
|
|a Németh, Zoltán,
|d 1970-
|4 aut
|9 102330
|
| 245 |
1 |
0 |
|a Mesekönyvkísérlet
|b Duba Gyula - Szabó Gyula: Tűzmadár
|c Németh Zoltán
|
| 650 |
0 |
7 |
|a autorské rozprávky, maďarské
|x recenzie
|2 snkbucl
|9 14011
|
| 773 |
0 |
|
|t Új szó
|g Roč. 52, č. 83 (12.4.1999), s. 8
|
| 787 |
0 |
8 |
|i Rec.:
|a Duba, Gyula, 1930-
|a Szabó, Gyula, 1907-1972
|t A tűzmadár
|d Pozsony : Madách-Posonium, 1997
|z 8070892692
|
| 850 |
|
|
|a Slovenská národná knižnica v Martine
|
| 852 |
|
|
|a SNK
|b KIS3GCP
|
| 958 |
|
|
|a HU
|
| 958 |
|
|
|a SK
|
| 958 |
|
|
|a LX
|
| 958 |
|
|
|a RBX
|
| 999 |
|
|
|c 1410131
|d 1412061
|